Cartilla Declaracin̤ de Renta Personas Naturales Sistema de Rentas Cedulares 2022

Bibliographic Details
Main Author: Chavarro Cadena, Jorge Enrique
Other Authors: Varn̤ Garca̕, Leonardo
Format: eBook
Language:Spanish
Published: Bogot:̀ Grupo Editorial Nueva Legislacin̤, 2022
Subjects:
Online Access:Acceso restringido

MARC

LEADER 00000nam a22000007a 4500
005 20220712214121.0
007 cr|||| ||||
008 220712s2022 co |||||s|||| 00||0 spa d
020 |a 978-958-53906-5-2 
035 |a 36694 
040 |a vLex 
090 |c 13541  |d 13541 
100 1 |a Chavarro Cadena, Jorge Enrique 
245 1 0 |a Cartilla Declaracin̤ de Renta Personas Naturales Sistema de Rentas Cedulares 2022  |h [Recurso electrn̤ico] /  |c Jorge Enrique Chavarro Cadena, Leonardo Varn̤ Garca̕ 
256 |a Servicio en ln̕ea 
260 |a Bogot:̀  |b Grupo Editorial Nueva Legislacin̤,  |c 2022 
300 |a 1 recurso electrn̤ico 
500 |a En sus manos tiene una gua̕ prc̀tica para la elaboracin̤ de la Declaracin̤ de Renta correspondiente al periodo gravable 2021, que se presenta en el aǫ 2022, para contribuyentes Personas Naturales. Acompę̀nos a travš del diligenciamiento del formulario 210 por medio del desarrollo de un taller de aplicacin̤ prc̀tica con 25 anexos. Incluye el sistemas de declaracin̤ cedular: cďula general, cďula de pensiones, y cedula de dividendos, as ̕como la normatividad vigente. La presente obra estuvo bajo la Direccin̤ de Investigacin̤ del Grupo Editorial Nueva Legislacin̤ SAS bajo la direccin̤ del contador pb︢lico Leonardo Varn̤ Garca̕ y utilizando la herramienta “People Tax” desarrollada por William Dussǹ Salazar. 
506 1 |a Disponible solo en los productos indicados  |d vLex Global  |d vLex Global (Academic Edition, excluding Law Schools)  |d vLex Global (U.S. Academic Edition, Law Schools)  |d vLex Global (U.S. Academic Edition, excluding Law Schools)  |d vLex Global (Academic Edition, Law Schools) 
650 0 4 |a Derecho Tributario  |z Colombia 
700 1 |a Varn̤ Garca̕, Leonardo 
740 0 |a vLex Libros (Servicio en ln̕ea) 
856 4 0 |u https://app.vlex.com/#/sources/36694  |z Acceso restringido 
942 |c BOOK 
999 0 |a Tax Law